[Event "Tradewise Gibraltar Masters 14th"]
[Site "Gibraltar"]
[Date "2016.01.30"]
[Round "5.107"]
[White "Feldbacher, Harald"]
[Black "Marcos Herrero, Francisco"]
[Result "1/2-1/2"]
[WhiteElo "2121"]
[BlackElo "1982"]
[PlyCount "64"]
[EventDate "2016.01.26"]
[EventType "swiss"]
[EventRounds "10"]
[EventCountry "GGB"]
[Source "www.saund.co.uk"]
[SourceDate "2005.02.07"]

1. d4 Nf6 2. Bg5 d5 3. Nd2 Nbd7 4. Ngf3 h6 5. Bh4 g5 6. Bg3 Bg7 7. e3 Nh5 8. c3
c6 9. Be2 Qb6 10. Qc2 Nxg3 11. hxg3 e5 12. dxe5 Nxe5 13. Nxe5 Bxe5 14. Nf3 Bf6
15. a4 a5 16. Rb1 Qc5 17. Nd4 Kf8 18. Kf1 Kg7 19. Bd3 Bxd4 20. exd4 Qd6 21. b4
b6 22. bxa5 bxa5 23. Qe2 Bd7 24. g4 Rab8 25. g3 Rhe8 26. Qf3 Rxb1+ 27. Bxb1 Qe6
28. Bf5 Qf6 29. Kg2 Bxf5 30. gxf5 Re4 31. g4 Qd6 32. Qh3 Re8 1/2-1/2

[Event "Tradewise Gibraltar Masters 14th"]
[Site "Gibraltar"]
[Date "2016.01.30"]
[Round "5.108"]
[White "Boron, Anthony"]
[Black "Burrows, Martin P"]
[Result "0-1"]
[WhiteElo "1915"]
[BlackElo "2115"]
[PlyCount "89"]
[EventDate "2016.01.26"]
[EventType "swiss"]
[EventRounds "10"]
[EventCountry "GGB"]
[Source "www.saund.co.uk"]
[SourceDate "2005.02.07"]

1. d4 Nf6 2. Bf4 g6 3. e3 Bg7 4. c3 d6 5. Nd2 O-O 6. h3 Nc6 7. Ngf3 Nd7 8. Bb5
e5 9. Bg3 Qe7 10. Bh4 Qe8 11. O-O a6 12. Ba4 Nb6 13. Bc2 f5 14. dxe5 dxe5 15.
Bb3+ Kh8 16. Nc4 Nxc4 17. Bxc4 Be6 18. Qe2 h6 19. Bg3 Qf7 20. Bxe6 Qxe6 21.
Rfe1 Rad8 22. b3 Rd7 23. Rad1 Rfd8 24. Rxd7 Qxd7 25. Qc4 Bf6 26. Qc5 Qd6 27.
Qc4 Kg7 28. h4 Qd3 29. Qxd3 Rxd3 30. Rc1 Kf7 31. Kf1 Ke6 32. Ke2 Rd7 33. Rc2
Ne7 34. Nd2 c6 35. f3 Nd5 36. Bf2 e4 37. Nb1 exf3+ 38. gxf3 Ke7 39. Bg3 Kd8 40.
Rc1 Re7 41. Bf2 Nxe3 42. Kd3 Ng2 43. Rg1 Nf4+ 44. Kc4 b5+ 45. Kb4 0-1

[Event "Tradewise Gibraltar Masters 14th"]
[Site "Gibraltar"]
[Date "2016.01.30"]
[Round "5.109"]
[White "Christophe-Hayot, Romain"]
[Black "Omoifo, Osemekhian I"]
[Result "0-1"]
[WhiteElo "1824"]
[BlackElo "2106"]
[PlyCount "88"]
[EventDate "2016.01.26"]
[EventType "swiss"]
[EventRounds "10"]
[EventCountry "GGB"]
[Source "www.saund.co.uk"]
[SourceDate "2005.02.07"]

1. e4 c6 2. Nf3 d5 3. e5 Bg4 4. d4 e6 5. Be2 c5 6. O-O Nc6 7. Bg5 Qb6 8. c4 h6
9. cxd5 exd5 10. dxc5 Bxc5 11. Bh4 Nge7 12. Nc3 g5 13. Na4 Qa5 14. Nxc5 Qxc5
15. Rc1 Qb6 16. Bg3 Qxb2 17. Rb1 Qxa2 18. Rxb7 Bxf3 19. Bxf3 Qa6 20. Qb1 O-O
21. Bh5 Rab8 22. Rb2 Rxb2 23. Qxb2 Rb8 24. Qc3 d4 25. Qf3 Qc4 26. e6 Qxe6 27.
Bxb8 Nxb8 28. Qb7 Nbc6 29. h3 Kg7 30. Rc1 a5 31. Bg4 Qd6 32. Bf3 Ne5 33. Bh5
Nd5 34. Rc8 Nf4 35. Bd1 Qf6 36. Qa8 d3 37. Rh8 Qd6 38. Qg8+ Kf6 39. Rxh6+ Neg6
40. Rh7 Qd5 41. Bf3 d2 42. Qg7+ Ke7 43. Qa1 Qc5 44. Qf6+ Kxf6 0-1

[Event "Tradewise Gibraltar Masters 14th"]
[Site "Gibraltar"]
[Date "2016.01.30"]
[Round "5.110"]
[White "Pakosta, Miroslav"]
[Black "Zachariassen, John"]
[Result "1-0"]
[WhiteElo "2097"]
[BlackElo "1958"]
[PlyCount "67"]
[EventDate "2016.01.26"]
[EventType "swiss"]
[EventRounds "10"]
[EventCountry "GGB"]
[Source "www.saund.co.uk"]
[SourceDate "2005.02.07"]

1. e4 g6 2. d4 Bg7 3. Nc3 d6 4. Be3 c6 5. Nf3 Nf6 6. h3 O-O 7. Qd2 Re8 8. Be2
Qc7 9. O-O Nbd7 10. Rad1 b5 11. a3 a5 12. b4 axb4 13. axb4 Nb6 14. Bh6 Bh8 15.
Ng5 Nc4 16. Bxc4 bxc4 17. f4 Bg7 18. Bxg7 Kxg7 19. Qe2 h6 20. Qxc4 hxg5 21.
fxg5 Qb6 22. gxf6+ exf6 23. Rf2 Ba6 24. Qb3 Rab8 25. b5 Bxb5 26. d5 Qc5 27.
Nxb5 Rxb5 28. Qf3 Rb7 29. Qxf6+ Kg8 30. dxc6 Qxc6 31. e5 Rxe5 32. Rxd6 Re1+ 33.
Kh2 Qc7 34. Rf4 1-0

[Event "Tradewise Gibraltar Masters 14th"]
[Site "Gibraltar"]
[Date "2016.01.30"]
[Round "5.111"]
[White "De Rosa, Mariagrazia"]
[Black "Lafortune, Emerick"]
[Result "1/2-1/2"]
[WhiteElo "2088"]
[BlackElo "1923"]
[PlyCount "99"]
[EventDate "2016.01.26"]
[EventType "swiss"]
[EventRounds "10"]
[EventCountry "GGB"]
[Source "www.saund.co.uk"]
[SourceDate "2005.02.07"]

1. e4 e5 2. Nf3 Nc6 3. Bb5 a6 4. Ba4 Nf6 5. d3 b5 6. Bb3 Bc5 7. O-O O-O 8. Bg5
h6 9. Bh4 Be7 10. c3 d6 11. Re1 Na5 12. Bc2 c5 13. h3 Bb7 14. Nbd2 Qc7 15. Nf1
Rfd8 16. Qd2 Nc6 17. Ne3 Nh5 18. Nd5 Qd7 19. Bxe7 Nxe7 20. Nb6 Qe6 21. Nxa8
Bxa8 22. d4 Ng6 23. dxe5 Nxe5 24. Nxe5 Qxe5 25. g3 Nf6 26. Qf4 Qe6 27. Qf5 Qxf5
28. exf5 Kf8 29. a4 Bc6 30. axb5 Bxb5 31. Rad1 d5 32. Bd3 c4 33. Bf1 Bd7 34. g4
Rb8 35. Rd2 Bc6 36. Bg2 a5 37. Bf3 a4 38. Ra1 Ke7 39. Kf1 Kd6 40. Ke2 Nd7 41.
Kd1 Nc5 42. Ra2 Nd3 43. Be2 Nxf2+ 44. Kc2 Ne4 45. Rd4 Ke5 46. Bf3 Nf2 47. Rxc4
dxc4 48. Bxc6 Nd3 49. Bxa4 Kf4 50. b4 1/2-1/2

[Event "Tradewise Gibraltar Masters 14th"]
[Site "Gibraltar"]
[Date "2016.01.30"]
[Round "5.112"]
[White "Hagesaether, Arne"]
[Black "Sajjadi, Kimiya"]
[Result "1-0"]
[WhiteElo "2086"]
[BlackElo "1839"]
[PlyCount "53"]
[EventDate "2016.01.26"]
[EventType "swiss"]
[EventRounds "10"]
[EventCountry "GGB"]
[Source "www.saund.co.uk"]
[SourceDate "2005.02.07"]

1. e4 e6 2. d4 d5 3. Nd2 c5 4. exd5 exd5 5. Ngf3 Nc6 6. Be2 Nf6 7. O-O Bd6 8.
dxc5 Bxc5 9. Nb3 Bb6 10. Bg5 O-O 11. c3 Re8 12. h3 Bc7 13. Bh4 Bf4 14. Re1 Bf5
15. Bf1 Rxe1 16. Nxe1 g5 17. Nd4 Bg6 18. Ne2 Bh5 19. Nd3 Bh2+ 20. Kxh2 gxh4 21.
Qd2 Ne4 22. Qf4 Qe7 23. Re1 Bxe2 24. Rxe2 Nd8 25. f3 Ne6 26. Qg4+ Qg5 27. fxe4
1-0

[Event "Tradewise Gibraltar Masters 14th"]
[Site "Gibraltar"]
[Date "2016.01.30"]
[Round "5.113"]
[White "Kandic, Milan"]
[Black "Winter, Kevin"]
[Result "1/2-1/2"]
[WhiteElo "2109"]
[BlackElo "1825"]
[PlyCount "131"]
[EventDate "2016.01.26"]
[EventType "swiss"]
[EventRounds "10"]
[EventCountry "GGB"]
[Source "www.saund.co.uk"]
[SourceDate "2005.02.07"]

1. e4 d6 2. d4 Nf6 3. Nc3 Nbd7 4. Nf3 e5 5. Bc4 Be7 6. O-O c6 7. dxe5 dxe5 8.
Qe2 O-O 9. a4 Qc7 10. a5 Nc5 11. h3 h6 12. Nh4 Be6 13. Nf5 Bxf5 14. exf5 Rae8
15. Be3 e4 16. f4 exf3 17. Qxf3 Bd6 18. Bf4 Bxf4 19. Qxf4 Qxf4 20. Rxf4 Re5 21.
b4 Nce4 22. Nxe4 Nxe4 23. a6 b5 24. Re1 Rfe8 25. Bd3 Nf6 26. Rxe5 Rxe5 27. c4
Kf8 28. cxb5 cxb5 29. Rd4 Rd5 30. Rxd5 Nxd5 31. Bxb5 Nxb4 32. Kf2 Ke7 33. Kf3
Kd6 34. Bc4 f6 35. Kf4 Nc6 36. h4 Kc5 37. Be2 Nb4 38. Kg4 Nd5 39. g3 Ne3+ 40.
Kf4 Nd5+ 41. Kf3 Kd4 42. g4 Ke5 43. Bc4 Nb4 44. Bf1 Nd5 45. Bc4 Nb4 46. Bb5 Kd4
47. g5 fxg5 48. hxg5 hxg5 49. Kg4 Ke5 50. Kxg5 Nd5 51. Bc4 Nf4 52. Bf1 Nd5 53.
Bb5 Ne7 54. Bd7 Kd6 55. Bb5 Ke5 56. Bd3 Nd5 57. Be2 Ne7 58. Bg4 Kd6 59. Kf4
Nd5+ 60. Kg5 Ne7 61. Bf3 Ke5 62. Bg4 Kd6 63. Bd1 Ke5 64. Bc2 Kd6 65. Kf4 Nd5+
66. Kg5 1/2-1/2

[Event "Tradewise Gibraltar Masters 14th"]
[Site "Gibraltar"]
[Date "2016.01.30"]
[Round "5.114"]
[White "Gravett, Alan D"]
[Black "Carlsten, Peter"]
[Result "0-1"]
[WhiteElo "1884"]
[BlackElo "2074"]
[PlyCount "64"]
[EventDate "2016.01.26"]
[EventType "swiss"]
[EventRounds "10"]
[EventCountry "GGB"]
[Source "www.saund.co.uk"]
[SourceDate "2005.02.07"]

1. Nf3 g6 2. g3 b5 3. Bg2 Bb7 4. O-O Bg7 5. c3 e6 6. a4 a6 7. d3 d6 8. axb5
axb5 9. Rxa8 Bxa8 10. Na3 c6 11. Be3 Ne7 12. Qb3 O-O 13. Ra1 Nd7 14. Bd4 e5 15.
Be3 Nd5 16. Bg5 Qc7 17. Nd2 Nc5 18. Qc2 Ne6 19. Bxd5 cxd5 20. Nxb5 Qb7 21. Nxd6
Qd7 22. Be3 Qxd6 23. Nf3 Rc8 24. Qa4 d4 25. cxd4 exd4 26. Bd2 Bxf3 27. exf3 Qc6
28. Qxc6 Rxc6 29. Ra8+ Bf8 30. Bh6 Rb6 31. Bxf8 Nxf8 32. Rd8 Rb4 0-1

[Event "Tradewise Gibraltar Masters 14th"]
[Site "Gibraltar"]
[Date "2016.01.30"]
[Round "5.116"]
[White "Wilson, Matthew R"]
[Black "Darnell, Anton"]
[Result "0-1"]
[WhiteElo "1873"]
[BlackElo "1979"]
[PlyCount "54"]
[EventDate "2016.01.26"]
[EventType "swiss"]
[EventRounds "10"]
[EventCountry "GGB"]
[Source "www.saund.co.uk"]
[SourceDate "2005.02.07"]

1. e4 e6 2. d4 d5 3. Nc3 Bb4 4. exd5 exd5 5. Bd3 Nc6 6. a3 Be7 7. Nge2 Bf6 8.
O-O Nge7 9. Bf4 a6 10. Re1 Be6 11. Be3 O-O 12. Nf4 Qd7 13. Nxe6 fxe6 14. Qh5 g6
15. Qh3 Nf5 16. Bxf5 exf5 17. Qf3 Rad8 18. Ne2 f4 19. Bxf4 Nxd4 20. Nxd4 Bxd4
21. Qg3 Qf5 22. Be3 Bxb2 23. Ra2 Be5 24. Qh4 Bf6 25. Qb4 d4 26. Bh6 Bg7 27.
Qc4+ Rf7 0-1

[Event "Tradewise Gibraltar Masters 14th"]
[Site "Gibraltar"]
[Date "2016.01.30"]
[Round "5.117"]
[White "Mrabti, Yahya"]
[Black "Slinger, Tony J"]
[Result "1/2-1/2"]
[WhiteElo "1780"]
[BlackElo "1915"]
[PlyCount "110"]
[EventDate "2016.01.26"]
[EventType "swiss"]
[EventRounds "10"]
[EventCountry "GGB"]
[Source "www.saund.co.uk"]
[SourceDate "2005.02.07"]

1. e4 c5 2. Nf3 d6 3. g3 Nc6 4. Bg2 e5 5. O-O g6 6. c3 Bg7 7. d3 Nge7 8. Be3
O-O 9. Qd2 Qc7 10. Bh6 Rb8 11. Bxg7 Kxg7 12. a4 a6 13. Na3 Bd7 14. Nc4 b5 15.
axb5 axb5 16. Ne3 Ra8 17. h3 Ra7 18. Nh2 Rfa8 19. Rxa7 Rxa7 20. Neg4 Ng8 21. f4
h5 22. Ne3 f6 23. g4 hxg4 24. Nhxg4 Bxg4 25. Nxg4 Qd8 26. f5 Nce7 27. Qf2 gxf5
28. exf5 Ra4 29. Qg3 Kf7 30. Qh4 d5 31. Qh7+ Kf8 32. Nxe5 fxe5 33. f6 Rf4 34.
Rxf4 exf4 35. fxe7+ Qxe7 36. Qf5+ Nf6 37. Qxf4 Kg7 38. Qg5+ Kf8 39. Qh6+ Ke8
40. Qh8+ Kd7 41. Qb8 Qe3+ 42. Kh2 Qxd3 43. Qa7+ Ke6 44. Qxc5 Ne4 45. Qc8+ Ke5
46. Qh8+ Ke6 47. Qg8+ Ke5 48. Qg7+ Kf4 49. Qf7+ Ke3 50. Qf3+ Kd2 51. Qxd3+ Kxd3
52. h4 Kc2 53. h5 Nf6 54. h6 Kxb2 55. Bxd5 Kxc3 1/2-1/2

[Event "Tradewise Gibraltar Masters 14th"]
[Site "Gibraltar"]
[Date "2016.01.30"]
[Round "5.118"]
[White "Tarr, Steve F"]
[Black "Lochte, Szilvia"]
[Result "0-1"]
[WhiteElo "1779"]
[BlackElo "1913"]
[PlyCount "66"]
[EventDate "2016.01.26"]
[EventType "swiss"]
[EventRounds "10"]
[EventCountry "GGB"]
[Source "www.saund.co.uk"]
[SourceDate "2005.02.07"]

1. d4 Nf6 2. Nf3 e6 3. Bf4 c5 4. e3 Nc6 5. c3 d5 6. Nbd2 Bd6 7. Ne5 Qc7 8. Bb5
O-O 9. Ndf3 cxd4 10. exd4 Ne4 11. Qc1 Nxd4 12. Nxd4 Bxe5 13. Bxe5 Qxe5 14. O-O
Qd6 15. Bd3 Nc5 16. Bc2 e5 17. Nf5 Qf6 18. Ng3 Bd7 19. Qe3 d4 20. cxd4 exd4 21.
Qa3 Qb6 22. Rad1 Bb5 23. Rfe1 Rfe8 24. b4 Ne6 25. Qb3 Rac8 26. a4 Bc4 27. Qb1
g6 28. Ne4 Nf4 29. a5 Qc6 30. Rxd4 Ne2+ 31. Rxe2 Bxe2 32. Rd2 Rxe4 33. Qe1 Bd3
0-1

[Event "Tradewise Gibraltar Masters 14th"]
[Site "Gibraltar"]
[Date "2016.01.30"]
[Round "5.119"]
[White "Joachim, Rodny"]
[Black "Bajer, Renato"]
[Result "0-1"]
[WhiteElo "1659"]
[BlackElo "1890"]
[PlyCount "82"]
[EventDate "2016.01.26"]
[EventType "swiss"]
[EventRounds "10"]
[EventCountry "GGB"]
[Source "www.saund.co.uk"]
[SourceDate "2005.02.07"]

1. e4 d5 2. exd5 Qxd5 3. Nc3 Qa5 4. d4 Nf6 5. Bd2 Bg4 6. Ne4 Bxd1 7. Nxf6+ exf6
8. Bxa5 Bxc2 9. Kd2 Bf5 10. Bb5+ c6 11. Re1+ Kd7 12. Bd3 Bxd3 13. Kxd3 Na6 14.
Nf3 Bb4 15. Bxb4 Nxb4+ 16. Kc4 Nd5 17. Re4 Rae8 18. Rhe1 Rxe4 19. Rxe4 Re8 20.
Rxe8 Kxe8 21. g3 Kd7 22. h3 Kd6 23. h4 h5 24. a3 b5+ 25. Kd3 a5 26. Nd2 f5 27.
f4 a4 28. b4 axb3 29. Nxb3 Nb6 30. Nd2 Kd5 31. Kc3 Na4+ 32. Kd3 Nb2+ 33. Kc3
Nd1+ 34. Kd3 Nf2+ 35. Ke3 Ne4 36. Nb3 Nxg3 37. Kd3 Ne4 38. Na5 Nf6 39. Nb7 Ng8
40. Nc5 Ne7 41. Na6 Kd6 0-1

[Event "Tradewise Gibraltar Masters 14th"]
[Site "Gibraltar"]
[Date "2016.01.30"]
[Round "5.121"]
[White "Savage, Neil"]
[Black "Schimmer, Michael"]
[Result "1/2-1/2"]
[WhiteElo "1689"]
[BlackElo "1782"]
[PlyCount "86"]
[EventDate "2016.01.26"]
[EventType "swiss"]
[EventRounds "10"]
[EventCountry "GGB"]
[Source "www.saund.co.uk"]
[SourceDate "2005.02.07"]

1. e4 d6 2. d4 Nf6 3. Nc3 g6 4. Be2 Bg7 5. h4 c5 6. dxc5 Qa5 7. Bd2 Qxc5 8. h5
gxh5 9. Bxh5 Be6 10. Bf3 Nc6 11. Be3 Qa5 12. Nh3 Ne5 13. Nf4 Nxf3+ 14. gxf3 Bd7
15. Qd2 O-O-O 16. O-O-O Kb8 17. Rdg1 Rhg8 18. Nh3 Bxh3 19. Rxh3 Nd7 20. Bd4
Bxd4 21. Rxg8 Rxg8 22. Qxd4 Qg5+ 23. Kd1 Qf4 24. Rg3 Re8 25. Nb5 Nb6 26. a4 Nc8
27. Qc3 Qh6 28. Qc7+ Ka8 29. Qd7 Rf8 30. Rh3 Qf6 31. c3 Rg8 32. Rg3 Rh8 33. Ke2
h5 34. Rh3 h4 35. Nc7+ Kb8 36. Nd5 Qe6 37. Qxe6 fxe6 38. Nf4 Rh6 39. Ng2 Nb6
40. b3 Nd7 41. Rxh4 Rxh4 42. Nxh4 Nc5 43. b4 Nxa4 1/2-1/2

[Event "Tradewise Gibraltar Masters 14th"]
[Site "Gibraltar"]
[Date "2016.01.30"]
[Round "5.122"]
[White "Magnusdottir, Veronika Steinun"]
[Black "Beadle, John R"]
[Result "1-0"]
[WhiteElo "1762"]
[BlackElo "1560"]
[PlyCount "47"]
[EventDate "2016.01.26"]
[EventType "swiss"]
[EventRounds "10"]
[EventCountry "GGB"]
[Source "www.saund.co.uk"]
[SourceDate "2005.02.07"]

1. e4 c6 2. d4 d5 3. Nc3 dxe4 4. Nxe4 Bf5 5. Ng3 Bg6 6. h4 h6 7. Nf3 Nd7 8. h5
Bh7 9. Bd3 Bxd3 10. Qxd3 e6 11. Bd2 Ngf6 12. O-O-O Bd6 13. Kb1 O-O 14. Ne4 Nxe4
15. Qxe4 Nf6 16. Qe2 Qb6 17. g4 Nd5 18. Ka1 Bf4 19. Bxf4 Nxf4 20. Qe5 Nd5 21.
g5 hxg5 22. h6 f6 23. Qxe6+ Rf7 24. h7+ 1-0

[Event "Tradewise Gibraltar Masters 14th"]
[Site "Gibraltar"]
[Date "2016.01.31"]
[Round "6"]
[White "Anand, Viswanathan"]
[Black "Fiala, Vaclav"]
[Result "1-0"]
[WhiteElo "2784"]
[BlackElo "2217"]
[PlyCount "63"]
[EventDate "2016.01.26"]
[EventType "swiss"]
[EventRounds "10"]
[EventCountry "GGB"]
[Source "www.saund.co.uk"]
[SourceDate "2005.02.07"]

1. e4 c5 2. Nf3 d6 3. d4 cxd4 4. Nxd4 Nf6 5. Nc3 a6 6. g3 g6 7. Bg2 Bg7 8. O-O
O-O 9. h3 Nc6 10. Be3 Bd7 11. Nde2 Na5 12. b3 Rc8 13. Qd2 Re8 14. Rac1 b5 15.
Nd5 Nxd5 16. exd5 Qc7 17. Rfd1 Bb2 18. Rb1 Bg7 19. c3 Nb7 20. Rbc1 a5 21. b4 e5
22. dxe6 Bxe6 23. Nf4 Bc4 24. Nd5 Qb8 25. Nb6 axb4 26. cxb4 Rc7 27. a4 Be5 28.
a5 d5 29. Nxd5 Bxd5 30. Qxd5 Nd6 31. Rxc7 Qxc7 32. Bc5 1-0

[Event "Tradewise Gibraltar Masters 14th"]
[Site "Gibraltar"]
[Date "2016.01.31"]
[Round "6.1"]
[White "Harikrishna, Pentala"]
[Black "Gupta, Abhijeet"]
[Result "1/2-1/2"]
[WhiteElo "2755"]
[BlackElo "2613"]
[PlyCount "119"]
[EventDate "2016.01.26"]
[EventType "swiss"]
[EventRounds "10"]
[EventCountry "GGB"]
[Source "www.saund.co.uk"]
[SourceDate "2005.02.07"]

1. e4 e5 2. Nf3 Nc6 3. Bc4 Bc5 4. O-O Nf6 5. d3 a6 6. c3 Ba7 7. Bb3 h6 8. Be3
d6 9. Nbd2 O-O 10. h3 Re8 11. Bxa7 Rxa7 12. Re1 Ne7 13. Nf1 Ng6 14. Ng3 Be6 15.
d4 Bxb3 16. Qxb3 Qd7 17. Rad1 Qb5 18. Qc2 Raa8 19. c4 Qb6 20. Re3 Rad8 21. Qd2
c5 22. d5 Qc7 23. Nh2 b5 24. Rc1 b4 25. Rce1 Kh7 26. Qd1 Qd7 27. Ng4 Ng8 28.
Nf5 N6e7 29. Ng3 Rf8 30. Rf3 g6 31. Qd3 Kg7 32. Ne3 h5 33. Nef5+ Kh7 34. Qd2 f6
35. Nh4 Nh6 36. a3 a5 37. axb4 axb4 38. Ra1 Neg8 39. Qd1 Qe7 40. Rd3 Ra8 41.
Rxa8 Rxa8 42. Nxg6 Kxg6 43. Nxh5 Kh7 44. Rg3 Ra7 45. Rg7+ Qxg7 46. Nxg7 Kxg7
47. g3 Ne7 48. Kg2 Ra2 49. Qb1 b3 50. Qc1 Ra4 51. h4 Nc8 52. Qd1 Rb4 53. Qh5
Ne7 54. Qe8 Neg8 55. Qd7+ Nf7 56. Qg4+ Kh7 57. Qe6 Kg7 58. Qg4+ Kh7 59. Qe6 Kg7
60. Qg4+ 1/2-1/2

[Event "Tradewise Gibraltar Masters 14th"]
[Site "Gibraltar"]
[Date "2016.01.31"]
[Round "6.3"]
[White "Vachier-Lagrave, Maxime"]
[Black "Jones, Gawain C B"]
[Result "1-0"]
[WhiteElo "2785"]
[BlackElo "2625"]
[PlyCount "119"]
[EventDate "2016.01.26"]
[EventType "swiss"]
[EventRounds "10"]
[EventCountry "GGB"]
[Source "www.saund.co.uk"]
[SourceDate "2005.02.07"]

1. e4 e5 2. Nf3 Nc6 3. Bb5 a6 4. Ba4 Nf6 5. O-O Bc5 6. c3 b5 7. Bc2 d5 8. d4
dxe4 9. Nbd2 exf3 10. Qxf3 Be7 11. Qxc6+ Bd7 12. Qf3 exd4 13. Ne4 O-O 14. Rd1
Re8 15. Rxd4 c5 16. Rd1 Qc8 17. Qd3 Nxe4 18. Qxd7 Qxd7 19. Rxd7 Nf6 20. Rd1 c4
21. Bf4 Bc5 22. Kf1 a5 23. Re1 Rxe1+ 24. Rxe1 Kf8 25. Bd1 Re8 26. Bf3 b4 27.
Rc1 bxc3 28. Rxc3 Bb4 29. Rc1 Ne4 30. Rc2 a4 31. Be3 f5 32. g3 Rc8 33. Be2 Nd6
34. a3 Ba5 35. Bf4 Ke7 36. Bd1 c3 37. bxc3 Ne4 38. c4 Nc3 39. Be2 Nxe2 40. Kxe2
Bb6 41. Rb2 Bc5 42. Rb7+ Ke6 43. Bc1 Be7 44. Rb6+ Kf7 45. Kd3 Rd8+ 46. Kc3 Rd1
47. Be3 Bxa3 48. Ra6 Be7 49. c5 g5 50. Rxa4 Rd8 51. Kc4 h5 52. Ra7 Rg8 53. Kd5
Rd8+ 54. Ke5 f4 55. gxf4 gxf4 56. Bxf4 Rc8 57. Be3 Ke8 58. Kd5 Kf7 59. c6 Rd8+
60. Ke5 1-0

[Event "Tradewise Gibraltar Masters 14th"]
[Site "Gibraltar"]
[Date "2016.01.31"]
[Round "6.4"]
[White "Yu Yangyi"]
[Black "Edouard, Romain"]
[Result "1-0"]
[WhiteElo "2747"]
[BlackElo "2617"]
[PlyCount "97"]
[EventDate "2016.01.26"]
[EventType "swiss"]
[EventRounds "10"]
[EventCountry "GGB"]
[Source "www.saund.co.uk"]
[SourceDate "2005.02.07"]

1. e4 c5 2. Nf3 d6 3. d4 cxd4 4. Nxd4 Nf6 5. Nc3 g6 6. Be3 Bg7 7. f3 Nc6 8. Qd2
O-O 9. Bc4 Nxd4 10. Bxd4 Be6 11. Bxe6 fxe6 12. O-O-O Qa5 13. h4 Nh5 14. Bxg7
Kxg7 15. e5 Qxe5 16. Rde1 Qf6 17. Ne4 Qf4 18. Ng5 Qxd2+ 19. Kxd2 Nf4 20. g3 h6
21. Nxe6+ Nxe6 22. Rxe6 Kf7 23. Rhe1 Rfe8 24. g4 h5 25. gxh5 gxh5 26. f4 Rac8
27. f5 b5 28. R1e4 a5 29. a3 Rb8 30. c3 Rbc8 31. Kd3 Rb8 32. b3 Rbc8 33. b4
axb4 34. axb4 Rc6 35. f6 Rec8 36. fxe7 Rxc3+ 37. Kd2 Rc2+ 38. Ke3 d5 39. R4e5
d4+ 40. Ke4 Re8 41. Kd5 d3 42. Rf5+ Kg7 43. Rg5+ Kf7 44. Rf5+ Kg7 45. Kd6 d2
46. Rg5+ Kf7 47. Rf5+ Kg7 48. Rd5 Kf7 49. Ree5 1-0

[Event "Tradewise Gibraltar Masters 14th"]
[Site "Gibraltar"]
[Date "2016.01.31"]
[Round "6.5"]
[White "Grigoriants, Sergey"]
[Black "Jakovenko, Dmitry"]
[Result "1/2-1/2"]
[WhiteElo "2580"]
[BlackElo "2732"]
[PlyCount "61"]
[EventDate "2016.01.26"]
[EventType "swiss"]
[EventRounds "10"]
[EventCountry "GGB"]
[Source "www.saund.co.uk"]
[SourceDate "2005.02.07"]

1. c4 e5 2. g3 Nf6 3. Bg2 Bc5 4. Nc3 c6 5. e3 O-O 6. Nge2 d5 7. cxd5 Nxd5 8. d4
exd4 9. Nxd5 cxd5 10. Nxd4 Nc6 11. Nb3 Bb4+ 12. Bd2 Bf5 13. O-O Be4 14. Nd4
Bxg2 15. Kxg2 Qb6 16. Bxb4 Qxb4 17. Qb3 Qxb3 18. Nxb3 Rfc8 19. Rfd1 Ne7 20. Rd2
Rc4 21. Rad1 Rac8 22. Nd4 Rc1 23. Rxc1 Rxc1 24. Nb5 Rc5 25. Nc3 f5 26. Na4 Rc6
27. Nc3 Kf7 28. Rd3 Ke6 29. h4 Ke5 30. Kf3 a6 31. Ke2 1/2-1/2

[Event "Tradewise Gibraltar Masters 14th"]
[Site "Gibraltar"]
[Date "2016.01.31"]
[Round "6.6"]
[White "Wojtaszek, Radoslaw"]
[Black "Lenic, Luka"]
[Result "1/2-1/2"]
[WhiteElo "2727"]
[BlackElo "2611"]
[PlyCount "86"]
[EventDate "2016.01.26"]
[EventType "swiss"]
[EventRounds "10"]
[EventCountry "GGB"]
[Source "www.saund.co.uk"]
[SourceDate "2005.02.07"]

1. d4 Nf6 2. c4 e6 3. Nf3 d5 4. Nc3 c5 5. cxd5 Nxd5 6. e4 Nxc3 7. bxc3 cxd4 8.
cxd4 Bb4+ 9. Bd2 Bxd2+ 10. Qxd2 O-O 11. Bc4 Nd7 12. O-O b6 13. Rfe1 Bb7 14.
Rad1 Rc8 15. Bb3 Qf6 16. d5 exd5 17. e5 Qg6 18. Nd4 Nc5 19. Bc2 Qh5 20. f3 g6
21. Nb5 Rce8 22. f4 Re7 23. Nd6 Ba8 24. Re3 Ne4 25. Bxe4 dxe4 26. Rc1 Qg4 27.
Rec3 e3 28. Rxe3 Qxf4 29. Rf1 Qg5 30. h4 Qxh4 31. Rh3 Qg4 32. Rf4 Qxg2+ 33.
Qxg2 Bxg2 34. Kxg2 Rxe5 35. Rc3 Rd5 36. Nc8 Rd2+ 37. Kf3 Rxa2 38. Rc7 Rd2 39.
Nxa7 Kg7 40. Nb5 Rd5 41. Nd4 Rd6 42. Re4 Rf6+ 43. Ke2 Kg8 1/2-1/2

[Event "Tradewise Gibraltar Masters 14th"]
[Site "Gibraltar"]
[Date "2016.01.31"]
[Round "6.7"]
[White "Demuth, Adrien"]
[Black "Rapport, Richard"]
[Result "0-1"]
[WhiteElo "2535"]
[BlackElo "2721"]
[PlyCount "68"]
[EventDate "2016.01.26"]
[EventType "swiss"]
[EventRounds "10"]
[EventCountry "GGB"]
[Source "www.saund.co.uk"]
[SourceDate "2005.02.07"]

1. d4 f5 2. c4 Nf6 3. Nf3 g6 4. g3 Bg7 5. Bg2 O-O 6. O-O d6 7. Nc3 Nc6 8. d5
Ne5 9. Nxe5 dxe5 10. Qb3 h6 11. c5 Kh8 12. Rd1 g5 13. Bd2 e4 14. Rac1 a6 15.
Be1 Qe8 16. d6 c6 17. dxe7 Qxe7 18. Rd6 Ne8 19. Rcd1 Nxd6 20. cxd6 Qf7 21. Qxf7
Rxf7 22. Na4 Be6 23. Ba5 g4 24. f3 gxf3 25. exf3 e3 26. Kf1 f4 27. Nc5 Bd5 28.
d7 Bf8 29. Bc3+ Kh7 30. Ne6 Rxd7 31. Nxf4 Bc4+ 32. Ke1 Rxd1+ 33. Kxd1 Rd8+ 34.
Ke1 Bxa2 0-1

[Event "Tradewise Gibraltar Masters 14th"]
[Site "Gibraltar"]
[Date "2016.01.31"]
[Round "6.8"]
[White "Ni Hua"]
[Black "Tari, Aryan"]
[Result "1/2-1/2"]
[WhiteElo "2697"]
[BlackElo "2556"]
[PlyCount "57"]
[EventDate "2016.01.26"]
[EventType "swiss"]
[EventRounds "10"]
[EventCountry "GGB"]
[Source "www.saund.co.uk"]
[SourceDate "2005.02.07"]

1. d4 Nf6 2. Nf3 d5 3. Bf4 e6 4. e3 c5 5. Nbd2 Nc6 6. c3 Bd6 7. Bg3 O-O 8. Bb5
Qc7 9. dxc5 Bxg3 10. hxg3 e5 11. Qc2 e4 12. Nd4 Ne5 13. f3 Bd7 14. Be2 Rfe8 15.
O-O-O Qxc5 16. g4 h6 17. Rh2 Nc4 18. Nf1 Qa5 19. g5 hxg5 20. Bxc4 dxc4 21. Nd2
Qxa2 22. Rdh1 Qa1+ 23. Nb1 g6 24. f4 Qa5 25. Qf2 Kg7 26. Nd2 Qa1+ 27. Nb1 Qa5
28. Nd2 Qa1+ 29. Nb1 1/2-1/2

[Event "Tradewise Gibraltar Masters 14th"]
[Site "Gibraltar"]
[Date "2016.01.31"]
[Round "6.9"]
[White "Bruzon Batista, Lazaro"]
[Black "Donchenko, Alexander"]
[Result "1-0"]
[WhiteElo "2666"]
[BlackElo "2570"]
[PlyCount "57"]
[EventDate "2016.01.26"]
[EventType "swiss"]
[EventRounds "10"]
[EventCountry "GGB"]
[Source "www.saund.co.uk"]
[SourceDate "2005.02.07"]

1. Nf3 Nf6 2. c4 e6 3. g3 a6 4. d3 b5 5. e4 Bb7 6. e5 Ng4 7. d4 Bb4+ 8. Nc3 c5
9. Bg2 Nc6 10. dxc5 Ncxe5 11. Nxe5 Bxg2 12. Qxg4 Qf6 13. Qd4 Bxh1 14. Bg5 Qf5
15. Qxd7+ Kf8 16. Be7+ Kg8 17. O-O-O h5 18. Bd6 Bxc3 19. bxc3 Bf3 20. Rd4 Be4
21. f3 Bb1 22. Rd2 Rh6 23. c6 Kh7 24. c7 h4 25. g4 Qf4 26. Nxf7 Qe3 27. Be5
Bxa2 28. Qd3+ Qxd3 29. Rxd3 1-0